00317nam a2200121Ia 4500008004100000041000800041082001400049100002400063245002900087260003600116300003100152365001200183240624s9999 xx 000 0 und d aeng a001.4 DOC aDOCHARTAIGH NIALL O aINTERNET RESEARCH SKILLS c2012aLondonbSage Publications axiv, : 200 : p. : cm. ; 24 cGBPb30